01361nam a2200193Ia 450000500170000000800410001704000440005804100080010208200120011010000340012224500680015626000550022430000360027949000390031550006560035450500690101050600210107965000670110020240116100440.0130821s1936 ck fr | 1dspa  aCo-BoUCMbspacSandra YazodSandra Yazo0 aspa04a8602201 aMora, Luis Maríad1869-193614aLos contertulios de la Gruta Simbólicacpor Luis María Mora aBogotá (Colombia)bEditorial Minerva S. A.c1936 a158, [1] páginasc18 x 14 cm. 0aBiblioteca Aldeana de Colombiav53 aDetalles físicos: Sin encuadernación original. Actualmente: Encuadernación rígida (holandesa) en cartón forrado en papel jaspeado en tono azul. Lomo de tela, con letras y líneas decorativas en dorado. Cortes decorados (jaspeado azul). Guardas. Hoja de cortesía. Portada impresa en una sola tinta. Grabado con el emblema de la Colección. Texto impreso en una sola columna, con diferentes tipos y tamaños de letra. Notas de pie de página. Papel oxidado en bordes de las hojas. En la encuadernación (lomo) se indica una numeración (53). Colección Aldeana de Colombia es una selección de Samper Ortega de Literatura Colombiana.0 aDon Luis María Mora ; Los contertulios de la Gruta Simbólica aConsulta en sala 7aLiteratura colombiana xCrítica e interpretaciónySiglo XX